00914nam a2200253 i 450000100060000000300090000600500170001500700030003200800410003502000180007608000190009408000220011310000290013524501800016426000380034430000270038249000250040950400310043465100530046565100480051870000360056683000250060285200330062719958ES-MaACL20230906152212.0t|020711s2002 sp ||||1| spa d a84-8432-311-0 a946.0"1931/39" a327(460)"1931/39"1 aBerdah, Jean-François.13aLa democracia asesinada b: la República española y las grandes potencias, 1931-1939 / cJean-François Berdah ; traducción castellana de María José Furió Sancho. aBarcelona : bCrítica, c[2002] aXII, 532 p. ; c24 cm.1 aCrítica contrastes aBibliografía: [519]-524. 4aEspaña-xHistoria-y1931-1939, II República. 4aEspaña-xPolítica exterior-y1931-1939.1 aFurió Sancho, María José.0 aCrítica contrastes aES-MaACLjL-25958 bR.131636